Príručka mzdovej účtovníčky

Saved in:
Bibliographic Details
Format: Book
Language:Slovak
Published: Trnava : Poradca, 2011
Subjects:
Online Access:OBSAH
Tags: Add Tag
No Tags, Be the first to tag this record!

MARC

LEADER 00000nam a22000003a 4500
001 stu224881
005 20150408164424.3
008 110505s2011----xo------------------slo-d
020 |a 978-80-89213-87-0 
040 |a STU  |b slo 
041 0 |a slo 
044 |a xo 
080 |a 657 
245 |a Príručka mzdovej účtovníčky 
260 |a Trnava :  |b Poradca,  |c 2011 
300 |a 168 s 
650 7 |a mzdové účtovníctvo  |2 stusub 
856 4 |a https://sweb.mtf.stuba.sk/obsahy/prirucka_mzdovej_uctovnicky_11  |u https://sweb.mtf.stuba.sk/obsahy/prirucka_mzdovej_uctovnicky_11  |3 OBSAH 
996 |b 284M079468  |c M*12961-1  |l MMST  |s A  |a 24  |w stu224881_0001 
996 |b 284M079469  |c M*12961-2  |l MMKN  |s A  |a 24  |w stu224881_0002